000 00225 a2200097 4500
001 33802
100 _aMuhsin Virk
245 _aBariy logon ki Aap Baitian [Urdu]
260 _aLahore
_bAlm Dost Pub
_c
090 _c22454
_d22454
942 _aNUST-CAE
_cM
_c13841
999 _c268875
_d268875